Bytový dom a Lisabonská videoknižnica v Lisabone, Portugalsko

Enregistré dans:
Détails bibliographiques
Auteur principal: Magulová, Eliška (Auteur)
Autres auteurs: Ruhig, Roman (Directeur de thèse)
Format: Manuscrit Livre
Langue:slovaque
Publié: 2023
Sujets:
Accès en ligne:http://is.stuba.sk/zp/portal_zp.pl?podrobnosti=177663
https://opac.crzp.sk/?fn=detailBiblioForm&sid=EC7951772ACC837B5C78C1A56A1E
Tags: Ajouter un tag
Pas de tags, Soyez le premier à ajouter un tag!

MARC

LEADER 00000ntm a22000003a 4500
001 stuzp93811
003 SK-STU
005 20230919111608.8
007 ta
008 150427s2015----xo-----f-mn---000-0-slo-d
040 |a STU  |b slo 
041 0 |a slo 
100 1 |a Magulová, Eliška  |u 010310  |4 aut  |U SvF Stavebná fakulta  |T SvF Katedra architektúry  |X 92937  |U V181|V310  |Y 19  |7 92937 
242 0 1 |a Residential building and Lisbon video library in Lisbon, Portugal  |y eng 
245 1 0 |a Bytový dom a Lisabonská videoknižnica v Lisabone, Portugalsko 
260 |c 2023 
650 4 |a videoknižnica  |2 slo 
650 4 |a bytový dom  |2 slo 
650 4 |a Lisabon  |2 slo 
650 4 |a Portugalsko  |2 slo 
650 4 |a Lisbon  |2 eng 
650 4 |a Portugal  |2 eng 
650 4 |a videolibrary  |2 eng 
650 4 |a apartment building  |2 eng 
700 1 |a Ruhig, Roman  |u 010310  |k Z1  |4 ths  |U SvF Stavebná fakulta  |T SvF Katedra architektúry  |X 7452  |U V181|V310  |Y 19  |7 A000007452 
856 4 |u http://is.stuba.sk/zp/portal_zp.pl?podrobnosti=177663 
856 4 |u https://opac.crzp.sk/?fn=detailBiblioForm&sid=EC7951772ACC837B5C78C1A56A1E